Tiburón /
Guardado en:
| Autor Principal: | |
|---|---|
| Otros Autores: | , |
| Formato: | Libro |
| Idioma: | Undetermined |
| Publicado: |
Buenos Aires :
Hyspamérica,
1984.
|
| Edición: | 1a ed. |
| Series: | Grandes éxitos ;
39 |
| Materias: | |
| Etiquetas: |
Agregar Etiqueta
Sin Etiquetas, Sea el primero en etiquetar este registro!
|
| LEADER | 00705nam a22002175a 4500 | ||
|---|---|---|---|
| 001 | CEM.cems024721 | ||
| 008 | 250623s1984####ag############000#0#und#d | ||
| 005 | 20250623190257.0 | ||
| 245 | 1 | 0 | |a Tiburón / |c Peter Benchley ; traducido por Sebastián Martínez y Luis Vigil. |
| 250 | |a 1a ed. | ||
| 260 | |a Buenos Aires : |b Hyspamérica, |c 1984. | ||
| 300 | |a 222 p. | ||
| 490 | 1 | |a Grandes éxitos ; |v 39 | |
| 500 | |a Título original: "Jaws". | ||
| 020 | |a 950614320X | ||
| 100 | 1 | |a Benchley, Peter. | |
| 700 | 1 | |a Martínez, Sebastián; trad. | |
| 700 | 1 | |a Vigil, Luis; trad. | |
| 653 | |a Novela estadounidense | ||
| 653 | |a Literatura estadounidense | ||
| 859 | |a CEMS |b BIB. CEMS - 11 de abril |h 813.5 |i B432-1 |p 29982.25 |t Ej.1 | ||
